000 00647nam a2200241Ia 4500
003 OSt
005 20221006151709.0
006 a|||||r|||| 00| 0
007 ta
008 221006b |||||||| |||| 00| 0 jpn d
020 _cY6800
024 _a23,038
037 _bGift, Japan Foundation
_cTextual
040 _aEASL
_cEASL
_bjpn
041 _2jpn
_ajpn
100 _aSORIFA TOKEI KYOKU Ed.
_9659823
245 0 _aNihon tokei nenkan, 1978
260 _aTokyo
_bNihon Tokei Kyokai
_c1978
300 _a706p.
_ccm.
650 _aJL
942 _cTEXL
_2CC
999 _c1091124
_d1091124